000 00348 a2200157 4500
001 59593
020 _a9783126749015
040 _cAnchieta - Pituba
100 _aBaake, Heike
240 1 0 _aMira zieht ans Meer
_lpor
245 1 0 _aMira zieht ans Meer
300 _a21
362 0 _a2008
650 4 _aLiteratura juvenil em alemão
942 _cBK
999 _c59593
_d59593